000 00592nam a2200193Ia 4500
003 IN-BaIIA
008 211028s9999 xx 000 0 eng d
020 _a0-14-024585-5
040 _cIIA Library
080 _a52-52
_bDAV
100 _aDavis, P
_920119
245 0 _aAre we alone ? .
_bphilosophical implications of the discovery of extraterrestrial life
_cP. Davis
260 _aLondon
_bPenguin Books
_c1995
300 _axii, 109p.
650 _aAstronomy
_980
650 _aCosmogony
_91160
650 _aOrigin
_95840
942 _cBK
999 _c11643
_d11643